Adivina la distribuidora de cine - Estadísticas

Estadísticas generales
  • Esta prueba ha sido intentada 96 veces
  • La puntuación promedio es 5 de 12
Estadísticas de respuestas
Imagen Respuesta % Correcto
Pixar
99%
Warner Bros
96%
Paramount
91%
DreamWorks
82%
Walt Disney
70%
Blumhouse
30%
Lionsgate
13%
New Line
11%
Filmax
5%
TriPictures
5%
Deaplaneta
2%
Spyglass
1%
No se encontraron pruebas coincidentes
Distribución de puntuación
Porcentaje de gente con cada puntuación
Porcentaje por número respondido
Historial de tus puntuaciones
No has intentado esta prueba.